Study guide for Abnormal psychology and modern life / (Record no. 6735)
[ view plain ]
| 000 -LEADER | |
|---|---|
| fixed length control field | 00693cam a22002292 4500 |
| 001 - CONTROL NUMBER | |
| control field | 0000004934 |
| 005 - DATE AND TIME OF LATEST TRANSACTION | |
| control field | 20151217151946.0 |
| 008 - FIXED-LENGTH DATA ELEMENTS--GENERAL INFORMATION | |
| fixed length control field | 070604s xx 000 0 eng d |
| 020 ## - INTERNATIONAL STANDARD BOOK NUMBER | |
| International Standard Book Number | 0321054539 : |
| 040 ## - CATALOGING SOURCE | |
| Original cataloging agency | KABU |
| Transcribing agency | KABU |
| 050 #0 - LIBRARY OF CONGRESS CALL NUMBER | |
| Classification number | RC454 |
| Item number | .L48 |
| 100 1# - MAIN ENTRY--PERSONAL NAME | |
| Personal name | Levy, Elizabeth. |
| -- | 0000000067 |
| 245 10 - TITLE STATEMENT | |
| Title | Study guide for Abnormal psychology and modern life / |
| Statement of responsibility, etc. | by Carson, Butcher, Mineka. |
| 246 3# - VARYING FORM OF TITLE | |
| Title proper/short title | Abnormal psychology and modern life |
| 250 ## - EDITION STATEMENT | |
| Edition statement | 11th ed. |
| 260 ## - PUBLICATION, DISTRIBUTION, ETC. (IMPRINT) | |
| Place of publication, distribution, etc. | Boston : |
| Name of publisher, distributor, etc. | Ally and Bacon, |
| Date of publication, distribution, etc. | 2000. |
| 300 ## - PHYSICAL DESCRIPTION | |
| Extent | xii, 523 p. |
| 650 #0 - SUBJECT ADDED ENTRY--TOPICAL TERM | |
| Topical term or geographic name as entry element | Psychology, Pathological. |
| -- | 0000155908 |
| 908 ## - PUT COMMAND PARAMETER (RLIN) | |
| Put command parameter | 070604 |
| 950 ## - LOCAL HOLDINGS (RLIN) | |
| -- | 1 |
| Withdrawn status | Lost status | Source of classification or shelving scheme | Not for loan | Home library | Current library | Date acquired | Total Checkouts | Full call number | Barcode | Date last seen | Date last checked out | Price effective from | Koha item type |
|---|---|---|---|---|---|---|---|---|---|---|---|---|---|
| Library of Congress Classification | Kabarak, Main Campus | Kabarak, Main Campus | 17/12/2015 | 2 | RC454 .L48 | 006656 | 01/12/2016 | 03/03/2016 | 17/12/2015 | General Collection |